Historia social de la literatura y el arte / (Record no. 78391)

MARC details
000 -LEADER
campo de control de longitud fija 01206nam a2200289 i 4500
001 - NÚMERO DE CONTROL
campo de control 78391
003 - IDENTIFICADOR DE NÚMERO DE CONTROL
campo de control ES-MaACL
005 - FECHA Y HORA DE LA ÚLTIMA TRANSACCIÓN
campo de control 20250812024128.0
007 - CAMPO FIJO DE DESCRIPCIÓN FÍSICA--INFORMACIÓN GENERAL
campo de control de longitud fija t|
008 - DATOS DE LONGITUD FIJA--INFORMACIÓN GENERAL
campo de control de longitud fija 041014s1969 sp ||||1| spa d
100 1# - ENTRADA PRINCIPAL--NOMBRE DE PERSONA
Nombre de persona Hauser, Arnold.
9 (RLIN) 62109
245 10 - MENCIÓN DEL TÍTULO
Título Historia social de la literatura y el arte /
Mención de responsabilidad, etc. Arnold Hauser ; [lo tradujeron al español A. Tovar y F.P. Varas-Reyes].
250 ## - MENCION DE EDICION
Mención de edición 3ª ed. popular.
260 ## - PUBLICACIÓN, DISTRIBUCIÓN, ETC.
Lugar de publicación, distribución, etc. Madrid :
Nombre del editor, distribuidor, etc. Guadarrama,
Fecha de publicación, distribución, etc. 1969.
300 ## - DESCRIPCIÓN FÍSICA
Extensión 3 v. :
Otras características físicas 48 lám. ;
Dimensiones 18 cm.
490 1# - MENCIÓN DE SERIE
Mención de serie Punto omega ;
Designación de volumen o secuencia 19-21
505 8# - NOTA DE CONTENIDO CON FORMATO
Nota de contenido con formato Contiene: I. Prehistoria. Antiguas culturas orientales. Grecia y Roma. Edad Media. Renacimiento (452 p.) - II. Manierismo. Barroco. Rococó. Clasicismo. Romanticismo (420 p.) - III. Naturalismo e impresionismo. Bajo el signo del cine (316 p.)
650 #4 - PUNTO DE ACCESO ADICIONAL DE MATERIA--TÉRMINO DE MATERIA
Término de materia o nombre geográfico como elemento de entrada Arte-
Subdivisión de forma Historia
9 (RLIN) 10107
650 #4 - PUNTO DE ACCESO ADICIONAL DE MATERIA--TÉRMINO DE MATERIA
Término de materia o nombre geográfico como elemento de entrada Arte y sociedad-
Subdivisión de forma Historia.
9 (RLIN) 144275
650 ## - PUNTO DE ACCESO ADICIONAL DE MATERIA--TÉRMINO DE MATERIA
Término de materia o nombre geográfico como elemento de entrada Literatura-
Subdivisión general Historia y crítica.
9 (RLIN) 14489
650 #7 - PUNTO DE ACCESO ADICIONAL DE MATERIA--TÉRMINO DE MATERIA
Término de materia o nombre geográfico como elemento de entrada Literatura y sociedad
Fuente del encabezamiento o término embne
9 (RLIN) 14679
700 1# - ENTRADA AGREGADA--NOMBRE PERSONAL
Nombre de persona Tovar, Antonio,
Fechas asociadas al nombre 1911-1985
9 (RLIN) 111167
700 1# - ENTRADA AGREGADA--NOMBRE PERSONAL
Nombre de persona Varas-Reyes, F. P.
9 (RLIN) 113119
830 1# - PUNTO DE ACCESO ADICIONAL DE SERIE-TÍTULO UNIFORME
Título uniforme Punto omega ;
Designación de volumen o secuencia 19-21
9 (RLIN) 180707
852 ## - LOCALIZACIÓN
Ubicación ES-MaACL
Número de control de estantería C-40605-07
Holdings
Estatus retirado Estado de pérdida Estado de daño No para préstamo Biblioteca de origen Biblioteca actual Ubicación en estantería Fecha de adquisición Fuente de adquisición Total de préstamos Signatura topográfica completa Código de barras Visto por última vez Precio de reemplazo Tipo de ítem Koha
        Biblioteca del Ateneo de Madrid Biblioteca del Ateneo de Madrid Depósito 2 17/01/2008     C-40605-07 1081998 23/02/2023 23/02/2023 Libro impreso